The sources of modern architecture and design / (Record no. 352231)

000 -LEADER
fixed length control field 00794 a2200241 4500
003 - CONTROL NUMBER IDENTIFIER
control field OSt
005 - DATE AND TIME OF LATEST TRANSACTION
control field 20180116192327.0
008 - FIXED-LENGTH DATA ELEMENTS--GENERAL INFORMATION
fixed length control field 120508t xxu||||| |||| 00| 0 eng d
010 ## - LIBRARY OF CONGRESS CONTROL NUMBER
LC control number 84051307
020 ## - INTERNATIONAL STANDARD BOOK NUMBER
International Standard Book Number 0500200726 (pbk.) :
040 ## - CATALOGING SOURCE
Transcribing agency 0
082 00 - DEWEY DECIMAL CLASSIFICATION NUMBER
Classification number 724
100 1# - MAIN ENTRY--PERSONAL NAME
Personal name Pevsner, Nikolaus,
9 (RLIN) 1225
245 14 - TITLE STATEMENT
Title The sources of modern architecture and design /
Statement of responsibility, etc. Nikolaus Pevsner.
260 ## - PUBLICATION, DISTRIBUTION, ETC.
Place of publication, distribution, etc. New York, N.Y. :
Name of publisher, distributor, etc. Thames and Hudson,
Date of publication, distribution, etc. 1985, c1968.
300 ## - PHYSICAL DESCRIPTION
Extent 216 p. :
Other physical details ill. (some col.) ;
Dimensions 21 cm.
440 #0 - SERIES STATEMENT/ADDED ENTRY--TITLE
Title World of art
9 (RLIN) 1226
500 ## - GENERAL NOTE
General note Includes index.
650 #0 - SUBJECT ADDED ENTRY--TOPICAL TERM
Topical term or geographic name entry element Architecture, Modern
Chronological subdivision 19th century.
9 (RLIN) 1227
650 #0 - SUBJECT ADDED ENTRY--TOPICAL TERM
Topical term or geographic name entry element Architecture, Modern
Chronological subdivision 20th century.
9 (RLIN) 1228
942 ## - ADDED ENTRY ELEMENTS (KOHA)
Institution code [OBSOLETE] SADA
Koha item type Book
Call number prefix 724 PEV 1985
Source of classification or shelving scheme
Holdings
Withdrawn status Lost status Source of classification or shelving scheme Damaged status Not for loan Permanent Location Current Location Date acquired Total Checkouts Full call number Barcode Date last seen Date last checked out Cost, replacement price Price effective from Koha item type
          School of Art Design and Architecture (SADA) School of Art Design and Architecture (SADA) 10/04/2010 1 724 PEV 1985 SADA0000362 02/15/2012 02/08/2012 952.00 08/05/2011 Book
© 2023 Central Library, National University of Sciences and Technology. All Rights Reserved.